Estado, sociedad y política en un contexto de insurgencia popular: El Salvador, 1980-1987 /
Trata sobre el problema del sistema político salvadoreño. En el trabajo se presta atención especial al funcionamiento del sistema en lo referente a las relaciones sociales y el aparato institucional. Se trabaja con las categorías de modernización, democratización, integración social e incremento de...
Đã lưu trong:
| Tác giả chính: | |
|---|---|
| Định dạng: | Sách |
| Ngôn ngữ: | Spanish |
| Những chủ đề: | |
| Các nhãn: |
Thêm thẻ
Không có thẻ, Là người đầu tiên thẻ bản ghi này!
|
MARC
| LEADER | 00000nam a22000007a 4500 | ||
|---|---|---|---|
| 003 | cru IIS | ||
| 005 | 20220307135831.0 | ||
| 007 | ta | ||
| 008 | 220307b |||||||| |||| 00| 0 spa d | ||
| 040 | |c cru IIS | ||
| 100 | 1 | |a Cáceres Prendes, Jorge Rafael |9 1922 |e Autor | |
| 245 | 1 | |a Estado, sociedad y política en un contexto de insurgencia popular: |b El Salvador, 1980-1987 / |c Jorge Rafael Cáceres Prendes | |
| 300 | |a 52 páginas | ||
| 500 | |a También en: Anuario de Estudios Centroamericanos / Universidad de Costa Rica , volumen 14, número 1-2, 1988, | ||
| 500 | |a Colección Centroamérica | ||
| 520 | |a Trata sobre el problema del sistema político salvadoreño. En el trabajo se presta atención especial al funcionamiento del sistema en lo referente a las relaciones sociales y el aparato institucional. Se trabaja con las categorías de modernización, democratización, integración social e incremento de la gobernabilidad, todo enfocado para la época de los ochentas. OB/eb | ||
| 650 | |a FUERZAS ARMADAS | ||
| 650 | |a BURGUESIA | ||
| 650 | |a TERRORISMO | ||
| 650 | |a ELECCIONES | ||
| 650 | |a IDEOLOGIAS POLITICAS | ||
| 650 | |a GUERRILLEROS | ||
| 650 | |a RESISTENCIA AL CAMBIO | ||
| 650 | |a IMPERIALISMO | ||
| 650 | |a VOTACION | ||
| 650 | |a AYUDA MILITAR | ||
| 650 | |a PARTIDOS POLITICOS | ||
| 650 | |a AYUDA MILITAR | ||
| 650 | |a RECURSOS PRESUPUESTARIOS | ||
| 650 | |a VIOLENCIA | ||
| 650 | |a AYUDA FINANCIERA | ||
| 651 | 4 | |9 1928 |a EL SALVADOR |x HISTORIA |y 1980-1987 | |
| 942 | |2 ddc |c PP | ||
| 999 | |c 25663 |d 25663 | ||
| 773 | 0 | |0 18901 |9 6668 |a Universidad de Costa Rica. |d San José, Costa Rica CSUCA, 1986- |o MFN: 12722 |t Cuadernos de Investigación CSUCA / | |
